| 000 | 00486nam a2200145Ia 4500 | ||
|---|---|---|---|
| 008 | 230917s9999||||xx |||||||||||||| ||und|| | ||
| 040 |
_e170472 _aMAIN |
||
| 041 | _aEnglish | ||
| 082 | _a891.43301731 SL23A | ||
| 100 | _aशर्मा, लक्ष्मीनारायण | ||
| 245 | 0 | _aआकाश अवानस्पतिक | |
| 260 |
_aकुरूक्षेत्र _bहस्ताक्षर प्रकाशन _c1983 |
||
| 300 | _a179 पृ. p. | ||
| 942 | _cHN | ||
| 999 |
_c42798 _d42798 |
||